Statistics for Countries Without a National Airline

Click here to take the quiz!

General Stats

  • This quiz has been taken 245 times
  • The average score is 5 of 8

Answer Stats

ContinentCountry% Correct
EuropeVatican City
91%
EuropeSan Marino
87%
EuropeAndorra
86%
EuropeLiechtenstein
75%
North AmericaSt Kitts and Nevis
59%
North AmericaDominica
54%
North AmericaGrenada
53%
AfricaBurundi
32%

Score Distribution

Percentile by Number Answered

Percent of People with Each Score

Your Score History

You have not taken this quiz